LEADER 00944nam a22002531i 4500 001 991003670899707536 005 20040525144242.0 008 040802s1966 it a||||||||||||||||ita 035 $ab13109583-39ule_inst 035 $aARCHE-106219$9ExL 040 $aBiblioteca Interfacoltà$bita$cA.t.i. Arché s.c.r.l. Pandora Sicilia s.r.l. 082 04$a843.7 100 1 $aColesanti, Massimo$0163742 245 10$aStendhal a teatro /$cMassimo Colesanti 260 $aMilano :$bAll'insegna del pesce d'oro,$c1966 300 $aXXXI, 251 p., 6 c. di tav. :$bill. ;$c18 cm 440 0$aStudi e testi ;$v1 600 04$aStendhal 907 $a.b13109583$b02-04-14$c05-08-04 912 $a991003670899707536 945 $aLE002 Fondo Giudici P 600$g1$iLE002G-13724$lle002$nC. 1$o-$pE0.00$q-$rn$so $t0$u0$v0$w0$x0$y.i13744203$z05-08-04 996 $aStendhal a teatro$9307531 997 $aUNISALENTO 998 $ale002$b05-08-04$cm$da $e-$fita$git $h0$i1 LEADER 01484nam0 22003251i 450 001 UON00479329 005 20231205105241.663 010 $a978-88-608-1074-8 100 $a20170719f2007 |0itac50 ba 101 $aita 102 $aIT 105 $a|||| 1|||| 200 1 $aAmare l'amore$eun percorso fra mito, letteratura e psicoanalisi$fEmma Tortorici Conti$ga cura di Giorgio Cavallari 210 $aRoma$cArmando$dc2007 215 $a190 p.$d24 cm 410 1$1001UON00481620$12001 $aScaffale Aperto. Psicologia$1210 $aRoma$cArmando 606 $aAmore$xPsicologia$3UONC092242$2FI 606 $aAmore nella letteratura$3UONC039173$2FI 620 $aIT$dRoma$3UONL000004 676 $a152.41$cEmozioni e sentimenti. Amore e affezione$v21 700 1$aTORTORICI CONTI$bEmma$3UONV236419$0783218 702 1$aCAVALLARI$bGiorgio$3UONV236420 712 $aArmando$3UONV246723$4650 801 $aIT$bSOL$c20260220$gRICA 899 $aSIBA - SISTEMA BIBLIOTECARIO DI ATENEO E ARCHIVIO STORICO$2UONSI 912 $aUON00479329 950 $aSIBA - SISTEMA BIBLIOTECARIO DI ATENEO E ARCHIVIO STORICO$dSI ITA II 2784 $eSI 23505 7 2784 951 $aSIBA - SISTEMA BIBLIOTECARIO DI ATENEO E ARCHIVIO STORICO$bSI2017467 1J 20170719Inventariato su preventivo 996 $aAmare l'amore$91739800 997 $aUNIOR